| 000 | 00520pam a2200181 a 4500 | ||
|---|---|---|---|
| 005 | 20250901165424.0 | ||
| 008 | 861110s1987 maua b 001 0 eng | ||
| 010 | _a 86028815 | ||
| 020 | _a0043311091 (alk. paper) | ||
| 050 | 0 | 0 |
_aHD5106 .H298 1987 _b.H298 1987 |
| 082 | 0 | 0 |
_a331.25/72 _219 |
| 100 | 1 | _aHart, Robert A. | |
| 245 | 1 | 0 |
_aWorking time and employment / _cRobert A. Hart. |
| 260 |
_aBoston : _bAllen & Unwin, _c1987. |
||
| 300 |
_axx, 293 p. : _bill. ; _c23 cm. |
||
| 500 | _aIncludes index. | ||
| 942 | _2ddc | ||
| 999 |
_c3728 _d3728 |
||